Análisis del valor
-д хадгалсан:
| Үндсэн зохиолч: | |
|---|---|
| Формат: | Ном |
| Хэл сонгох: | испани |
| Хэвлэсэн: |
Bilbao
Deusto
1970
|
| Нөхцлүүд: | |
| Шошгууд: |
Шошго нэмэх
Шошго байхгүй, Энэхүү баримтыг шошголох эхний хүн болох!
|
MARC
| LEADER | 00000nam a2200000 a 4500 | ||
|---|---|---|---|
| 001 | UCQ0214 | ||
| 003 | CL-VaPUC | ||
| 008 | 980627e19700000SP |||||||||||||||||spa|d | ||
| 082 | 0 | 4 | |a 657.42 |b MIL |2 21 |
| 100 | |a Miles, Lawrence D. |e autor |9 413292 | ||
| 245 | 1 | 0 | |a Análisis del valor |
| 300 | |a 328 p | ||
| 942 | |c BK | ||
| 945 | |d 19980627 00:00:00 |a cmena | ||
| 260 | |a Bilbao |b Deusto |c 1970 | ||
| 650 | 0 | |a Contabilidad de costos |9 260564 | |
| 650 | 0 | |a Costos |9 261063 | |
| 650 | 0 | |a Administración financiera |9 261146 | |
| 650 | 0 | |a Motivación |9 315362 | |
| 650 | 0 | |a Toma de decisiones |9 257530 | |
| 583 | |a last modification |c 19980627 00:00:00 |k Rodrigo Vera | ||
| 999 | |c 271353 |d 271351 | ||
| 952 | |0 0 |1 0 |4 0 |6 657_420000000000000_MIL_1970 |7 0 |8 A |9 305991 |a BIBGIM |b BIBGIM |d 2019-11-20 |i 1426168 |o 657.42 MIL 1970 |p 1426168 |r 2025-01-15 |w 2019-11-20 |y BK |k COM | ||